书目信息 |
| 题名: |
射流技术在航空中的应用
|
|
| 作者: | 《射流技术》编译组 | |
| 分册: | 第二集 | |
| 出版信息: | 北京 国防工业出版社 1971 |
|
| 页数: | ||
| 开本: | ||
| 丛书名: | ||
| 单 册: | ||
| 中图分类: | TP69 | |
| 科图分类: | ||
| 主题词: | 射流技术--应用 | |
| 电子资源: | ||
| ISBN: | ||
| 000 | 00517nam0 2200169 45 | |
| 001 | 0405181662 | |
| 005 | 20061123165831.37 | |
| 010 | @dCNY0.36 | |
| 100 | @a20040518d1971 km y0chiy0120 ea | |
| 101 | 0 | @achi |
| 200 | 1 | @a射流技术在航空中的应用@h第二集@AShe Liu Ji Shu Zai Hang Kong Zhong De Ying Yong@f《射流技术》编译组@F《She Liu Ji Shu》Bian Yi Zu |
| 210 | @a北京@c国防工业出版社@d1971 | |
| 606 | 0 | @a射流技术@x应用 |
| 690 | @aTP69@v3 | |
| 701 | 0 | @a《射流技术》编译组 |
| 801 | @aCN@bTSTCL@c20061123 | |
| 905 | @dTP69@e3:2 | |
| 射流技术在航空中的应用.第二集/《射流技术》编译组.-北京:国防工业出版社,1971 |
| ISBN :CNY0.36 |
| ● |
| 相关链接 |
|
|
|
|
正题名:射流技术在航空中的应用
索取号:TP69/3:2
 
预约/预借
| 序号 | 登录号 | 条形码 | 馆藏地/架位号 | 状态 | 备注 |
| 1 | 0012366 | 001643859 | 第二样本阅览室/ [索取号:TP69/3:2] | 在馆 |